000 00779nam a2200253 a 4500
999 _c92
_d92
003 UPN
005 20251024063925.0
008 991125m19891995mx 000 0 spa u
020 _a968444043X
035 _aUPN01000000092
040 _aUPN
_bspa
_cUPN
049 _aI
050 4 _aQ164
_bP77 1989
100 1 _aProfesor Cientifix [seud.]
245 1 0 _a66 Nuevos experimentos para la pandilla científica /
_cProfesor Cientifix ; il. Jacques Goldstyn ; tr. Angelines Torre.
250 _a3a ed.
260 _aMéxico :
_bAlhambra Mexicana :
_bCONACYT,
_c1989 (1995 impr.).
300 _a139 p. :
_bil.
440 3 _aLa pandilla científica
650 4 _aCiencia
_xExperimentos
_95900
650 2 _aCiencia
_vLiteratura juvenil
_96801
905 _aInfantil
942 _2lcc
_cLIBRO